000 00609nam a2200229Ia 4500
003 OSt
005 20221006164055.0
006 a|||||r|||| 00| 0
007 ta
008 221006b |||||||| |||| 00| 0 hin d
024 _a3,688
037 _cTextual
040 _aFML
_cFML
_bhin
041 _2hin
_ahin
082 _a(:f) Ob X M2, L8 -;1
100 _aAapte D. P.
_9676551
245 0 _aSamajik, Aarthik Sarvekshan ki Pravidhi
260 _aNew Delhi
_bResarch
300 _a77
_ccm.
942 _h(:f) Ob X M2, L8 -;1
_cTEXL
_2CC
999 _c1116157
_d1116157